Music Quiz

Random Music or Rap Quiz

Vince Staples Songs Quiz Stats

 Plays Quiz not verified by Sporcle

Challenge
Share
Tweet
Embed
Score 0/57 Timer 06:00
1 Play Today
% Correct
Feels like Summer feat. Ty Dolla Sign & Vonnie
100%
Outside! feat. Briana Lee, Mila Tambaoan, Adrian Tupas, Amos (Kaden) Chea & James Larsen
100%
Relay
100%
Big Fish
91.8%
Norf Norf
89.7%
Prima Donna feat. A$AP Rocky
78.4%
745
78.4%
Blue Suede
74.2%
Yeah Right
73.2%
Summertime
72.2%
Rain Come Down
72.2%
Crabs in a Bucket
70.1%
Señorita
69.1%
Samo
64.9%
BagBak
64.9%
Alyssa Interlude
62.9%
Love Can Be...
61.9%
Limos feat. Teyana Taylor
60.8%
Fire
58.8%
Ramona Park Is Yankee Stadium
58.8%
Lift Me Up
57.7%
War Ready
57.7%
Jump Off the Roof feat. Snoh Aalegra
56.7%
Party People
55.7%
Screen Door feat. Aston Matthews
54.6%
Loco feat. Kilo Kish
53.6%
65 Hunnid
52.6%
'06
51.5%
Homage
51.5%
% Correct
Birds & Bees feat. Daley
50.5%
Smile
50.5%
Don't Get Chipped feat. Jay Rock
50%
New earlsweatshirt feat. Earl Sweatshirt
50%
Run the Bands
50%
FUN! feat. E-40
50%
Brand New Tyga feat. Tyga [Interlude]
50%
Tweakin' feat. Buddy, Kehlani & Vonnie
50%
Pimp Hand
49.5%
Hands Up
48.5%
Loca
48.5%
Big Time
47.4%
Feelin' the Love
43.3%
Ramona Park Legend, Pt. 1
42.3%
Ramona Park Legend, Pt. 2
42.3%
3230
42.3%
Lemme Know feat. Jhené Aiko and DJ Dahi
39.2%
Street Punks
39.2%
C.N.B.
39.2%
Dopeman feat. Joey Fatts and Kilo Kish
38.1%
Let It Shine
38.1%
Surf feat. Kilo Kish
37.1%
Get Paid feat. Desi Mo
37.1%
Like It Is
35.1%
Might Be Wrong feat. Haneef Talib aka GeNNo and eeeeeeee
32%
Hang N' Bang feat. Aston Matthews
28.9%
No Bleedin feat. Kamaiyah
0%
(562) 453-9382 [Skit]
0%

You're not logged in!

Compare scores with friends on all Sporcle quizzes.
Join for Free
OR
Log In

You Might Also Like...

Show Comments

Extras

Top Quizzes Today


Score Distribution

Your Account Isn't Verified!

In order to create a playlist on Sporcle, you need to verify the email address you used during registration. Go to your Sporcle Settings to finish the process.

Report this User

Report this user for behavior that violates our Community Guidelines.

Details: